Utopía: la nueva Atlántida

محفوظ في:
التفاصيل البيبلوغرافية
المؤلف الرئيسي: Moro, Tomás More, Thomas (autor)
التنسيق: كتاب
اللغة:الإسبانية
منشور في: Buenos Aires Libreria Hachette 1945
سلاسل:Biblioteca de bolsillo
الموضوعات:
الوسوم: إضافة وسم
لا توجد وسوم, كن أول من يضع وسما على هذه التسجيلة!

MARC

LEADER 00000nam a2200000 a 4500
001 UCX1037
003 CL-VaPUC
008 900517e19450000AG |||||||||||||||||spa|d
082 0 4 |a 321.07  |b MOR  |2 21 
100 |a Moro, Tomás   |e autor  |q More, Thomas  |9 868789 
245 1 0 |a Utopía: la nueva Atlántida 
300 |a 171 p 
942 |c BK 
945 |d 19900517 00:00:00 
260 |a Buenos Aires  |b Libreria Hachette  |c 1945 
650 0 |a Utopía  |9 267298 
650 0 |a Ensayos ingleses  |9 265096 
583 |a last modification  |c 19900517 00:00:00  |k Rodrigo Vera 
490 0 |a Biblioteca de bolsillo 
999 |c 222386  |d 222384 
952 |0 0  |1 0  |4 0  |6 321_070000000000000_MOR_1945  |7 0  |8 A  |9 217045  |a BIBEDU  |b BIBEDU  |d 2019-11-15  |i 3019233  |o 321.07 MOR 1945  |p 3019233  |r 2019-11-15  |w 2019-11-15  |y BK  |k LIT